[Event "Dos Hermanas Internet qual-A 10th"]
[Site "ICC INT"]
[Date "2009.03.13"]
[Round "8"]
[White "Delgado Ramirez, Neuris"]
[Black "Paz, Mayan"]
[Result "1-0"]
[WhiteElo "2550"]
[BlackElo "2311"]
[PlyCount "53"]
[EventDate "2009.03.13"]
[EventType "swiss (blitz)"]
[EventRounds "12"]
[EventCountry "ESP"]
[SourceTitle "CBM 129 Extra"]
[Source "ChessBase"]
[SourceDate "2009.05.05"]
[SourceVersion "2"]
[SourceVersionDate "2009.05.20"]
[SourceQuality "1"]

1. e4 c5 2. Nf3 Nc6 3. Bb5 g6 4. c3 Bg7 5. d4 cxd4 6. cxd4 d6 7. Nc3 Bd7 8. h3 Nf6 9. e5 dxe5 10. dxe5 Ng8 11. Bf4 h6 12. Qe2 g5 13. Bh2 Qa5 14. 0-0 0-0-0 15. a3 e6 16. b4 Qb6 17. a4 Nge7 18. a5 Qc7 19. a6 b6 20. Ba4 Nf5 21. Nb5 Qb8 22. Rfc1 Be8 23. Qe4 Rd5 24. g4 Nfe7 25. Nd6+ Kd8 26. Nb7+ Kd7 27. Nd4 1-0

[Event "Dos Hermanas Internet qual-A 10th"]
[Site "ICC INT"]
[Date "2009.03.13"]
[Round "3"]
[White "Paz, Mayan"]
[Black "Kononenko, Dmitry"]
[Result "0-1"]
[WhiteElo "2311"]
[BlackElo "2574"]
[PlyCount "64"]
[EventDate "2009.03.13"]
[EventType "swiss (blitz)"]
[EventRounds "12"]
[EventCountry "ESP"]
[SourceTitle "CBM 129 Extra"]
[Source "ChessBase"]
[SourceDate "2009.05.05"]
[SourceVersion "2"]
[SourceVersionDate "2009.05.20"]
[SourceQuality "1"]

1. e4 c5 2. Nc3 Nc6 3. f4 g6 4. Nf3 Bg7 5. Bc4 e6 6. 0-0 Nge7 7. d3 Na5 8. Bb3 0-0 9. Be3 d6 10. Qe1 Nxb3 11. axb3 b6 12. Nd1 f5 13. Nf2 Bxb2 14. Ra2 Bg7 15. c4 h6 16. b4 Bb7 17. b5 a6 18. bxa6 Rxa6 19. Rxa6 Bxa6 20. Qb1 Qc7 21. Qb3 Rb8 22. Rb1 Bc8 23. d4 Bd7 24. e5 cxd4 25. Bxd4 d5 26. c5 b5 27. Ra1 b4 28. Nd3 Nc6 29. Ra6 Bf8 30. Rb6 Nxd4 31. Nxd4 Rxb6 32. cxb6 Qxb6 0-1

[Event "Internet Section 10A g/8'+2\""]
[Site "Dos Hermanas"]
[Date "2004.03.10"]
[Round "9"]
[White "Paz, Mayan"]
[Black "Gasik, Piotr"]
[Result "1-0"]
[WhiteElo "2278"]
[BlackElo "2139"]
[PlyCount "101"]
[EventDate "2004.03.10"]
[EventType "swiss (blitz)"]
[EventRounds "9"]
[EventCountry "ESP"]
[SourceTitle "EXT 2005"]
[Source "ChessBase"]
[SourceDate "2004.11.15"]
[SourceVersion "1"]
[SourceVersionDate "2004.11.15"]
[SourceQuality "1"]

1. Nc3 f5 2. e4 fxe4 3. Nxe4 Nf6 4. Nxf6+ exf6 5. Bc4 Nc6 6. d4 d5 7. Qh5+ g6 8. Qxd5 Qxd5 9. Bxd5 Nxd4 10. Be4 f5 11. Bd3 Bg7 12. c3 Nc6 13. Nf3 0-0 14. 0-0 Be6 15. Bf4 Rac8 16. Rfe1 Bf7 17. Ng5 Bd5 18. Rad1 Bxa2 19. b3 Bxb3 20. Rb1 Na5 21. Rxb3 Nxb3 22. Bc4+ Kh8 23. Bxb3 h6 24. Ne6 Rfe8 25. Re3 g5 26. Nxg7 Rxe3 27. Bxe3 Kxg7 28. Bxa7 c5 29. Kf1 b5 30. Be6 Rc7 31. Bb8 Rb7 32. Be5+ Kg6 33. Bd5 Ra7 34. f4 gxf4 35. Bxf4 b4 36. cxb4 cxb4 37. Ke2 Rd7 38. Bb3 h5 39. h4 Kf6 40. g3 Rd4 41. Ke3 Rd7 42. Ke2 Rd4 43. Bc1 Ke7 44. Be3 Re4 45. Kd3 Ke8 46. Bd1 b3 47. Bxb3 Rg4 48. Bf4 Rg7 49. Kd4 Rb7 50. Bd5 Ke7 51. Bxb7 1-0

[Event "Internet Section 09B g/8'+2\""]
[Site "Dos Hermanas"]
[Date "2004.03.09"]
[Round "3"]
[White "Beckers, Thomas"]
[Black "Paz, Mayan"]
[Result "0-1"]
[WhiteElo "2007"]
[BlackElo "2278"]
[PlyCount "78"]
[EventDate "2004.03.09"]
[EventType "swiss (blitz)"]
[EventRounds "9"]
[EventCountry "ESP"]
[SourceTitle "CBM 099 Extra"]
[Source "ChessBase"]
[SourceDate "2004.05.04"]
[SourceVersion "1"]
[SourceVersionDate "2004.05.04"]
[SourceQuality "1"]

1. d4 d5 2. Nf3 Bg4 3. Ne5 Bf5 4. c4 c6 5. cxd5 cxd5 6. Nc3 f6 7. Nd3 e6 8. Bf4 Nc6 9. e3 Nge7 10. Be2 Ng6 11. Bg3 a6 12. 0-0 Bd6 13. Rc1 Bxg3 14. hxg3 Bxd3 15. Bxd3 0-0 16. Qe2 Qd6 17. Qg4 f5 18. Qe2 b5 19. Rfd1 Na5 20. Qh5 Nc4 21. Rc2 Rac8 22. Rdc1 Ne7 23. Qg5 Nc6 24. Re2 g6 25. Qf4 Qxf4 26. gxf4 Nb4 27. Bb1 Nc6 28. Bd3 Na7 29. Bb1 Rf7 30. Kh2 Rfc7 31. Kg3 Nxb2 32. Rxb2 Rxc3 33. Rh1 R8c4 34. Kh4 b4 35. g4 Nb5 36. Kg5 Kg7 37. gxf5 exf5 38. a4 bxa3 39. Re2 Rc1 0-1

[Event "Internet Section 07A g/8'+2\""]
[Site "Dos Hermanas"]
[Date "2004.03.07"]
[Round "9"]
[White "Paz, Mayan"]
[Black "Milanovic, Vojislav"]
[Result "1/2-1/2"]
[WhiteElo "2278"]
[BlackElo "2300"]
[PlyCount "124"]
[EventDate "2004.03.07"]
[EventType "swiss (blitz)"]
[EventRounds "9"]
[EventCountry "ESP"]
[SourceTitle "CBM 099 Extra"]
[Source "ChessBase"]
[SourceDate "2004.05.04"]
[SourceVersion "1"]
[SourceVersionDate "2004.05.04"]
[SourceQuality "1"]

1. Nc3 d5 2. e4 dxe4 3. Nxe4 g6 4. Bc4 Bg7 5. Nf3 Nf6 6. Neg5 0-0 7. Ne5 e6 8. d4 c5 9. Be3 cxd4 10. Qxd4 Qxd4 11. Bxd4 Nfd7 12. Ngf3 Nxe5 13. Bxe5 Nc6 14. Bxg7 Kxg7 15. 0-0-0 e5 16. Bd5 Bd7 17. Rhe1 f6 18. c3 Rad8 19. Be4 Be6 20. b3 Rc8 21. Rd6 Kf7 22. Bxc6 Rxc6 23. Rxc6 bxc6 24. c4 Rd8 25. Nd2 Bf5 26. f3 g5 27. Ne4 Bxe4 28. Rxe4 Ke6 29. Kc2 f5 30. Re2 c5 31. a3 a5 32. Re1 h5 33. Kc3 g4 34. b4 axb4+ 35. axb4 cxb4+ 36. Kxb4 Rd2 37. Rg1 gxf3 38. gxf3 Rxh2 39. Rg6+ Kf7 40. Rh6 Kg7 41. Re6 Re2 42. c5 h4 43. Re7+ Kg6 44. Re8 Kg7 45. c6 Rc2 46. Kb5 Kf6 47. Kb6 h3 48. c7 Kg5 49. Rh8 Rb2+ 50. Kc6 Rc2+ 51. Kd6 e4 52. fxe4 fxe4 53. Rxh3 Kf4 54. Rh2 Rxc7 55. Kxc7 e3 56. Kd6 Kf3 57. Ke5 e2 58. Rh3+ Kf2 59. Rh2+ Kf3 60. Rh1 Kf2 61. Kf4 e1Q 62. Rxe1 Kxe1 1/2-1/2

[Event "Internet Section 07A g/8'+2\""]
[Site "Dos Hermanas"]
[Date "2004.03.07"]
[Round "2"]
[White "Willim, Michael"]
[Black "Paz, Mayan"]
[Result "1-0"]
[WhiteElo "2121"]
[BlackElo "2278"]
[PlyCount "69"]
[EventDate "2004.03.07"]
[EventType "swiss (blitz)"]
[EventRounds "9"]
[EventCountry "ESP"]
[SourceTitle "CBM 099 Extra"]
[Source "ChessBase"]
[SourceDate "2004.05.04"]
[SourceVersion "1"]
[SourceVersionDate "2004.05.04"]
[SourceQuality "1"]

1. d4 d5 2. c4 Nc6 3. Nf3 Bg4 4. e3 e5 5. h3 Bxf3 6. Qxf3 exd4 7. cxd5 Nb4 8. Bb5+ c6 9. dxc6 bxc6 10. Bxc6+ Nxc6 11. Qxc6+ Ke7 12. 0-0 Rc8 13. Qe4+ Kf6 14. exd4 h6 15. Bf4 Bd6 16. Nc3 Bxf4 17. Nd5+ Kg5 18. h4+ Kxh4 19. g3+ Kg5 20. Nxf4 f5 21. Ne6+ Kg6 22. Qb7 Qe7 23. Qxc8 Nf6 24. Qxh8 Qxe6 25. Rae1 Ne4 26. Rxe4 fxe4 27. Qa8 Kf5 28. Qxa7 Kg4 29. Qxg7+ Kh3 30. Qe5 Qg4 31. Qf4 h5 32. Qxg4+ hxg4 33. d5 e3 34. fxe3 Kxg3 35. d6 1-0

[Event "Internet Section 06A g/8'+2\""]
[Site "Dos Hermanas"]
[Date "2004.03.06"]
[Round "2"]
[White "Grigaitis, Tadas"]
[Black "Paz, Mayan"]
[Result "1/2-1/2"]
[WhiteElo "2183"]
[BlackElo "2278"]
[PlyCount "123"]
[EventDate "2004.03.06"]
[EventType "swiss (blitz)"]
[EventRounds "9"]
[EventCountry "ESP"]
[SourceTitle "CBM 099 Extra"]
[Source "ChessBase"]
[SourceDate "2004.05.04"]
[SourceVersion "1"]
[SourceVersionDate "2004.05.04"]
[SourceQuality "1"]

1. d4 d5 2. c4 Nc6 3. Nf3 Bg4 4. e3 e5 5. cxd5 Qxd5 6. Nc3 Bb4 7. Be2 exd4 8. exd4 Bxf3 9. Bxf3 Qc4 10. Bxc6+ Qxc6 11. 0-0 Bxc3 12. bxc3 0-0-0 13. Qb3 Ne7 14. Be3 Rd6 15. Qxf7 Rg6 16. g3 Nd5 17. c4 Nc3 18. Rfe1 Kb8 19. Rac1 Na4 20. d5 Qf6 21. Qxf6 Rxf6 22. Bd4 Rf7 23. Re6 b6 24. Rce1 Rhf8 25. f4 g6 26. Re7 Kb7 27. R1e6 Kc8 28. Bg7 Rxe7 29. Rxe7 Rd8 30. Bd4 c6 31. Rxa7 b5 32. Bf6 Rd7 33. Rxd7 Kxd7 34. dxc6+ Kxc6 35. cxb5+ Kxb5 36. Kf2 Kc4 37. Kf3 Kd3 38. Kg4 Nc5 39. Bh8 Ne4 40. h4 h5+ 41. Kf3 Nd2+ 42. Kg2 Ke4 43. Kh3 Kf3 44. a4 Ne4 45. a5 Nf2+ 46. Kh2 Ng4+ 47. Kg1 Ne3 48. a6 Nd5 49. Bd4 Kxg3 50. a7 Nc7 51. Be5 Na8 52. Kf1 Kxh4 53. Kf2 Kg4 54. Kg2 Nb6 55. Bc7 Na8 56. Bd8 Kxf4 57. Kh3 g5 58. Kg2 Kg4 59. Kh2 h4 60. Kg2 Kh5 61. Kh3 g4+ 62. Kg2 1/2-1/2

[Event "Internet Section 06A g/8'+2\""]
[Site "Dos Hermanas"]
[Date "2004.03.06"]
[Round "8"]
[White "Van den Heever, Donovan"]
[Black "Paz, Mayan"]
[Result "0-1"]
[WhiteElo "2035"]
[BlackElo "2278"]
[PlyCount "94"]
[EventDate "2004.03.06"]
[EventType "swiss (blitz)"]
[EventRounds "9"]
[EventCountry "ESP"]
[SourceTitle "CBM 099 Extra"]
[Source "ChessBase"]
[SourceDate "2004.05.04"]
[SourceVersion "1"]
[SourceVersionDate "2004.05.04"]
[SourceQuality "1"]

1. e4 c5 2. Nf3 Nc6 3. d4 cxd4 4. Nxd4 Nf6 5. Nc3 e5 6. Ndb5 h6 7. Nd6+ Bxd6 8. Qxd6 Qe7 9. Qc7 0-0 10. Nd5 Nxd5 11. exd5 Qb4+ 12. c3 Qe4+ 13. Be3 Qxd5 14. Rd1 Qxa2 15. Bc5 Re8 16. Ba3 d5 17. Be2 d4 18. 0-0 dxc3 19. Ra1 Qe6 20. bxc3 Qd7 21. Qxd7 Bxd7 22. Rfd1 Be6 23. Bb5 Red8 24. Bxc6 Rxd1+ 25. Rxd1 bxc6 26. Rd6 Rc8 27. f3 a5 28. Kf2 a4 29. Ke3 Bd5 30. Rd7 Rb8 31. Ra7 Rb3 32. Rxa4 Rxc3+ 33. Kd2 Rb3 34. Ra5 Kh7 35. Kc2 Rb7 36. Bd6 f6 37. Bc5 Kg6 38. Ra7 Rxa7 39. Bxa7 e4 40. f4 Kf5 41. Be3 g5 42. g3 Kg4 43. Kc3 Kh3 44. fxg5 fxg5 45. Kd4 Kxh2 46. Ke5 Kxg3 47. Kf5 Kf3 0-1

[Event "Internet Section 18-A"]
[Site "Dos Hermanas"]
[Date "2003.03.18"]
[Round "3"]
[White "Paz, Mayan"]
[Black "Benvenuti, Carlo"]
[Result "1-0"]
[WhiteElo "2247"]
[BlackElo "2174"]
[PlyCount "91"]
[EventDate "2003.03.18"]
[EventType "swiss (blitz)"]
[EventRounds "9"]
[EventCountry "ESP"]
[SourceTitle "EXT 2004"]
[Source "ChessBase"]
[SourceDate "2003.11.25"]
[SourceVersion "1"]
[SourceVersionDate "2003.11.25"]
[SourceQuality "1"]

1. e4 d6 2. Nc3 Nf6 3. d4 c6 4. Nf3 Bg4 5. Be3 e6 6. Be2 Be7 7. h3 Bh5 8. a4 Bg6 9. Nd2 0-0 10. g4 d5 11. e5 Ne8 12. f4 Bh4+ 13. Kf1 f6 14. exf6 Nxf6 15. Kg2 Nbd7 16. Bf3 Qc7 17. Nb3 Rae8 18. Qd2 Ne4 19. Nxe4 dxe4 20. Be2 Nf6 21. c4 Nd7 22. Rhf1 Rd8 23. Qc3 b6 24. a5 c5 25. axb6 axb6 26. Ra6 Ra8 27. Rxa8 Rxa8 28. Ra1 Rf8 29. Qd2 h5 30. dxc5 bxc5 31. Rd1 Nf6 32. Nxc5 Re8 33. Qd6 Qc8 34. b4 Nh7 35. b5 Bf7 36. b6 Be7 37. b7 Qb8 38. Qxb8 Rxb8 39. Rd7 Bxc5 40. Bxc5 Nf8 41. Bxf8 Kxf8 42. Rc7 Be8 43. c5 h4 44. Ba6 e3 45. Kf3 e5 46. fxe5 1-0

[Event "Internet Section 18-A"]
[Site "Dos Hermanas"]
[Date "2003.03.18"]
[Round "7"]
[White "Paz, Mayan"]
[Black "Scherer, Helmut"]
[Result "1-0"]
[WhiteElo "2247"]
[BlackElo "2329"]
[PlyCount "79"]
[EventDate "2003.03.18"]
[EventType "swiss (blitz)"]
[EventRounds "9"]
[EventCountry "ESP"]
[SourceTitle "EXT 2004"]
[Source "ChessBase"]
[SourceDate "2003.11.25"]
[SourceVersion "1"]
[SourceVersionDate "2003.11.25"]
[SourceQuality "1"]

1. Nc3 d5 2. e4 dxe4 3. Nxe4 e5 4. Bc4 Nc6 5. Nf3 Be7 6. d3 h6 7. Bb5 Bd6 8. d4 Nf6 9. Nxd6+ cxd6 10. Bxc6+ bxc6 11. dxe5 dxe5 12. Qxd8+ Kxd8 13. Nxe5 Kc7 14. 0-0 Be6 15. h3 Nd5 16. c4 Nb6 17. Bf4 Kb7 18. b3 Rhe8 19. Rad1 a5 20. Rd6 Rad8 21. Rfd1 Rxd6 22. Rxd6 Nc8 23. Nxf7 Kb6 24. c5+ Kxc5 25. Be3+ Kb4 26. Rd4+ Kb5 27. Ne5 Bd5 28. Nd3 g5 29. a4+ Ka6 30. Nc5+ Kb6 31. Nd7+ Kc7 32. Nf6 Rd8 33. Bd2 Kb6 34. h4 gxh4 35. Bxh6 Nd6 36. Nxd5+ cxd5 37. Rxd5 Kc6 38. Rxa5 Rb8 39. Ra6+ Kd7 40. Rxd6+ 1-0

[Event "Internet Section 18-A"]
[Site "Dos Hermanas"]
[Date "2003.03.18"]
[Round "8"]
[White "Rocha, Wellington Carlos"]
[Black "Paz, Mayan"]
[Result "1-0"]
[WhiteElo "2419"]
[BlackElo "2247"]
[PlyCount "111"]
[EventDate "2003.03.18"]
[EventType "swiss (blitz)"]
[EventRounds "9"]
[EventCountry "ESP"]
[SourceTitle "EXT 2004"]
[Source "ChessBase"]
[SourceDate "2003.11.25"]
[SourceVersion "1"]
[SourceVersionDate "2003.11.25"]
[SourceQuality "1"]

1. e4 e5 2. Nf3 Nc6 3. Bb5 a6 4. Ba4 Nf6 5. 0-0 Be7 6. Bxc6 bxc6 7. Re1 d6 8. d4 exd4 9. Qxd4 0-0 10. Nc3 c5 11. Qd3 Bb7 12. h3 Re8 13. b3 Nd7 14. Nd5 c6 15. Nxe7+ Qxe7 16. Bf4 Ne5 17. Bxe5 dxe5 18. Rad1 Rad8 19. Qc3 f6 20. Rd3 Rxd3 21. Qxd3 Rd8 22. Qc4+ Kf8 23. Re3 Rd1+ 24. Kh2 Qd6 25. Rc3 Ke7 26. Qg8 Qe6 27. Qxg7+ Qf7 28. Qxf7+ Kxf7 29. Rxc5 Ke6 30. Kg3 Kd6 31. Rc3 Ra1 32. a4 c5 33. Nd2 Rg1 34. f3 h5 35. Kf2 Rc1 36. Nc4+ Ke7 37. Ne3 Bc8 38. Rxc5 Be6 39. Rc3 Kd6 40. Rd3+ Kc5 41. Rd1 Rxd1 42. Nxd1 h4 43. Ke3 Kb4 44. Kd3 a5 45. Ne3 Bc8 46. Nd5+ Ka3 47. Kc3 Ba6 48. Ne3 Be2 49. Kd2 Ba6 50. Kc1 Ka2 51. Nf5 Bf1 52. Nxh4 Ka3 53. Kb1 Kb4 54. Kb2 Kc5 55. c3 Kd6 56. Nf5+ 1-0

[Event "Internet Section 17-A"]
[Site "Dos Hermanas"]
[Date "2003.03.17"]
[Round "5"]
[White "Paz, Mayan"]
[Black "De Oliveira, Bernardo Lino"]
[Result "1-0"]
[WhiteElo "2247"]
[BlackElo "2026"]
[PlyCount "24"]
[EventDate "2003.03.17"]
[EventType "swiss (blitz)"]
[EventRounds "9"]
[EventCountry "ESP"]
[SourceTitle "EXT 2004"]
[Source "ChessBase"]
[SourceDate "2003.11.25"]
[SourceVersion "1"]
[SourceVersionDate "2003.11.25"]
[SourceQuality "1"]

1. Nc3 Nf6 2. e4 e5 3. Nf3 Nc6 4. d4 exd4 5. Nxd4 Nxd4 6. Qxd4 d6 7. Bg5 Be7 8. 0-0-0 Ng4 9. Bxe7 Qxe7 10. Qxg7 Rf8 11. Nd5 Qd7 12. f3 c6 1-0

[Event "Internet Section 16-B"]
[Site "Dos Hermanas"]
[Date "2003.03.17"]
[Round "9"]
[White "Paz, Mayan"]
[Black "Dos Santos, Emmanuel"]
[Result "1-0"]
[WhiteElo "2247"]
[BlackElo "2260"]
[PlyCount "104"]
[EventDate "2003.03.16"]
[EventType "swiss (blitz)"]
[EventRounds "9"]
[EventCountry "ESP"]
[SourceTitle "EXT 2004"]
[Source "ChessBase"]
[SourceDate "2003.11.25"]
[SourceVersion "1"]
[SourceVersionDate "2003.11.25"]
[SourceQuality "1"]

1. Nc3 d5 2. e4 d4 3. Nce2 e5 4. Ng3 Nf6 5. Bc4 Be7 6. Nf3 Nc6 7. Ng5 0-0 8. d3 Bg4 9. f3 Bd7 10. h4 h6 11. a3 Na5 12. Ba2 hxg5 13. hxg5 Nh7 14. g6 Nf6 15. gxf7+ Rxf7 16. Bg5 c5 17. b4 cxb4 18. axb4 Bxb4+ 19. Kf1 Nc6 20. Nh5 Qe7 21. Qc1 Be6 22. Bxe6 Qxe6 23. Bxf6 Rxf6 24. Nxf6+ Qxf6 25. Qb1 Qf7 26. Ke2 a5 27. Rh3 a4 28. Qh1 Qf4 29. Rh8+ Kf7 30. Qh5+ Kf6 31. Rxa8 Qe3+ 32. Kf1 a3 33. Qf5+ Ke7 34. Qf8+ Kd7 35. Qxg7+ Kd6 36. Rc8 Kc5 37. Qxb7 Qh6 38. Rxc6+ Qxc6 39. Qxc6+ Kxc6 40. Ke2 Kb5 41. Kd1 Ka4 42. Kc1 Bc3 43. Kb1 Bb4 44. Ka2 Bc3 45. Rb1 Bb4 46. Rxb4+ Kxb4 47. g3 Kc3 48. f4 Kxc2 49. fxe5 Kxd3 50. e6 Kc3 51. e7 d3 52. e8Q d2 1-0

[Event "Internet Section 17-A"]
[Site "Dos Hermanas"]
[Date "2003.03.17"]
[Round "9"]
[White "Paz, Mayan"]
[Black "Kovacevic, Aleksandar"]
[Result "0-1"]
[WhiteElo "2247"]
[BlackElo "2545"]
[PlyCount "72"]
[EventDate "2003.03.17"]
[EventType "swiss (blitz)"]
[EventRounds "9"]
[EventCountry "ESP"]
[SourceTitle "EXT 2004"]
[Source "ChessBase"]
[SourceDate "2003.11.25"]
[SourceVersion "1"]
[SourceVersionDate "2003.11.25"]
[SourceQuality "1"]

1. Nc3 c5 2. e4 Nc6 3. f4 g6 4. Nf3 Bg7 5. Bc4 e6 6. 0-0 Nge7 7. d3 d5 8. Bb3 Nd4 9. Ba4+ Bd7 10. Bxd7+ Qxd7 11. e5 Nxf3+ 12. Rxf3 0-0 13. Ne2 f6 14. exf6 Bxf6 15. c3 Nf5 16. Ng3 Rae8 17. Nxf5 exf5 18. Bd2 Re6 19. Re3 Rxe3 20. Bxe3 d4 21. Bf2 dxc3 22. bxc3 Rf7 23. Qc2 Qd6 24. g3 Rd7 25. Rd1 c4 26. d4 Qd5 27. Re1 b5 28. a3 Re7 29. Rxe7 Bxe7 30. Qe2 Bxa3 31. Qe8+ Bf8 32. Qb8 a5 33. h3 b4 34. cxb4 axb4 35. Qe5 Qxe5 36. fxe5 b3 0-1

[Event "Internet Section 16-B"]
[Site "Dos Hermanas"]
[Date "2003.03.16"]
[Round "5"]
[White "Paz, Mayan"]
[Black "Antic, Dejan"]
[Result "1/2-1/2"]
[WhiteElo "2247"]
[BlackElo "2448"]
[PlyCount "108"]
[EventDate "2003.03.16"]
[EventType "swiss (blitz)"]
[EventRounds "9"]
[EventCountry "ESP"]
[SourceTitle "EXT 2004"]
[Source "ChessBase"]
[SourceDate "2003.11.25"]
[SourceVersion "1"]
[SourceVersionDate "2003.11.25"]
[SourceQuality "1"]

1. Nc3 c5 2. e4 e6 3. f4 d5 4. Bb5+ Bd7 5. Bxd7+ Qxd7 6. Nf3 Nc6 7. d3 Bd6 8. exd5 exd5 9. Nxd5 Nge7 10. Nxe7 Bxe7 11. 0-0 0-0 12. Be3 Rad8 13. b3 b6 14. Qe1 Rfe8 15. Qf2 Bf6 16. Rae1 a5 17. a4 Nb4 18. h3 Nd5 19. Bc1 Bc3 20. Re4 f5 21. Rxe8+ Rxe8 22. Bd2 Bf6 23. Re1 Kf7 24. Rxe8 Qxe8 25. Kf1 h6 26. Qe2 Qxe2+ 27. Kxe2 Ke6 28. Kd1 Ne7 29. c4 Nc6 30. Kc2 g6 31. Bc3 g5 32. Bxf6 Kxf6 33. Kc3 g4 34. hxg4 fxg4 35. Ng1 Nd4 36. g3 h5 37. Kd2 Kf5 38. Ne2 Nxb3+ 39. Ke3 Na1 40. Nc3 Nc2+ 41. Kf2 Nb4 42. Ke3 Nc2+ 43. Kf2 Nb4 44. Ke2 h4 45. gxh4 Kxf4 46. Nd5+ Kf5 47. Nxb6 Nc6 48. Nd7 Nd4+ 49. Kf2 Nb3 50. Kg3 Ke6 51. Nf8+ Kf5 52. Nd7 Ke6 53. Nf8+ Kf5 54. Nd7 Ke6 1/2-1/2

[Event "Internet Section 16-B"]
[Site "Dos Hermanas"]
[Date "2003.03.16"]
[Round "7"]
[White "Paz, Mayan"]
[Black "Becerra Rivero, Julio"]
[Result "0-1"]
[WhiteElo "2247"]
[BlackElo "2534"]
[PlyCount "86"]
[EventDate "2003.03.16"]
[EventType "swiss (blitz)"]
[EventRounds "9"]
[EventCountry "ESP"]
[SourceTitle "EXT 2004"]
[Source "ChessBase"]
[SourceDate "2003.11.25"]
[SourceVersion "1"]
[SourceVersionDate "2003.11.25"]
[SourceQuality "1"]

1. Nc3 d5 2. e4 c6 3. f4 b5 4. exd5 b4 5. Nce2 cxd5 6. Nf3 Nf6 7. Ng3 e6 8. Ne5 Bd6 9. d4 0-0 10. Bd3 Qb6 11. 0-0 Qxd4+ 12. Kh1 Bxe5 13. fxe5 Qxe5 14. Bf4 Qxb2 15. Rb1 Qc3 16. Bd6 Nc6 17. Bxf8 Kxf8 18. Nh5 Bd7 19. Nxf6 gxf6 20. Qh5 Ke7 21. Qxh7 f5 22. Qh4+ Qf6 23. Qxf6+ Kxf6 24. g4 a5 25. gxf5 e5 26. Bb5 Rc8 27. Rbd1 d4 28. Bd3 Ne7 29. Kg2 Bc6+ 30. Kf2 Rh8 31. Kg3 e4 32. Bc4 Nxf5+ 33. Rxf5+ Kxf5 34. Bxf7 Ke5 35. Bc4 Rh7 36. Rf1 Rg7+ 37. Kh3 Bd7+ 38. Kh4 Rg2 39. Rf7 Rxh2+ 40. Kg3 Rxc2 41. Bb3 Rc3+ 42. Kf2 Bf5 43. Re7+ Kf4 0-1

[Event "Internet Section 16-B"]
[Site "Dos Hermanas"]
[Date "2003.03.16"]
[Round "8"]
[White "Sarkar, Justin"]
[Black "Paz, Mayan"]
[Result "1-0"]
[WhiteElo "2367"]
[BlackElo "2247"]
[PlyCount "49"]
[EventDate "2003.03.16"]
[EventType "swiss (blitz)"]
[EventRounds "9"]
[EventCountry "ESP"]
[SourceTitle "EXT 2004"]
[Source "ChessBase"]
[SourceDate "2003.11.25"]
[SourceVersion "1"]
[SourceVersionDate "2003.11.25"]
[SourceQuality "1"]

1. c4 c5 2. Nf3 Nf6 3. Nc3 Nc6 4. d4 cxd4 5. Nxd4 g6 6. e4 Nxd4 7. Qxd4 Bg7 8. e5 Ng8 9. Bf4 Nh6 10. Qd2 Ng4 11. Qe2 h5 12. 0-0-0 Qa5 13. h3 Bxe5 14. Bxe5 Nxe5 15. Rd5 Qd8 16. Rxe5 d6 17. Re3 Bf5 18. Qf3 Kf8 19. g4 Bd7 20. Bd3 hxg4 21. hxg4 Rxh1+ 22. Qxh1 Kg7 23. g5 e5 24. Qh6+ Kg8 25. Nd5 1-0

[Event "Internet Section 16-B"]
[Site "Dos Hermanas"]
[Date "2003.03.16"]
[Round "4"]
[White "Solak, Dragan"]
[Black "Paz, Mayan"]
[Result "1/2-1/2"]
[WhiteElo "2510"]
[BlackElo "2247"]
[PlyCount "145"]
[EventDate "2003.03.16"]
[EventType "swiss (blitz)"]
[EventRounds "9"]
[EventCountry "ESP"]
[SourceTitle "EXT 2004"]
[Source "ChessBase"]
[SourceDate "2003.11.25"]
[SourceVersion "1"]
[SourceVersionDate "2003.11.25"]
[SourceQuality "1"]

1. e4 e5 2. Nf3 Nc6 3. Bb5 a6 4. Bxc6 dxc6 5. Nc3 f6 6. d4 exd4 7. Qxd4 Qxd4 8. Nxd4 Bd7 9. Be3 0-0-0 10. 0-0-0 h5 11. Rd2 Nh6 12. f3 Nf7 13. Nb3 Ne5 14. Bc5 b6 15. Bxf8 Rhxf8 16. Rhd1 h4 17. h3 Nc4 18. Rd3 f5 19. exf5 Bxf5 20. Rxd8+ Rxd8 21. Rxd8+ Kxd8 22. Nd4 Bd7 23. Nd1 c5 24. Nb3 Ke7 25. Nd2 Nd6 26. Ne3 Ke6 27. Kd1 Bb5 28. Ke1 Ke5 29. Kf2 a5 30. g3 hxg3+ 31. Kxg3 Kd4 32. Kf2 Bd7 33. h4 a4 34. a3 Nf5 35. Ng2 c4 36. Ne4 b5 37. c3+ Ke5 38. Ng3 Nd6 39. Ke3 Nb7 40. f4+ Kd5 41. Nh5 Bh3 42. Ne1 g6 43. Nf6+ Ke6 44. Ne4 Kf5 45. Nf3 Bg2 46. Nd4+ Kg4 47. Nxb5 Kxh4 48. Nxc7 Bxe4 49. Kxe4 Nc5+ 50. Kd4 Nd3 51. Kxc4 Nxf4 52. Ne8 Nh5 53. Nd6 g5 54. Kb5 g4 55. Kxa4 Kg5 56. Ne4+ Kf4 57. Nf2 g3 58. Nh3+ Kg4 59. Ng1 Nf4 60. c4 g2 61. c5 Kg3 62. c6 Kf2 63. c7 Nd5 64. Nh3+ Kg3 65. Ng1 Nxc7 66. Kb3 Nd5 67. a4 Nf4 68. a5 Nh3 69. a6 Nxg1 70. a7 Nf3 71. a8Q g1Q 72. Qg8+ Kf2 73. Qxg1+ 1/2-1/2

[Event "Internet Section 14-B"]
[Site "Dos Hermanas"]
[Date "2003.03.14"]
[Round "6"]
[White "Paz, Mayan"]
[Black "Needleman, Alejandro"]
[Result "1-0"]
[WhiteElo "2247"]
[BlackElo "2419"]
[PlyCount "97"]
[EventDate "2003.03.14"]
[EventType "swiss (blitz)"]
[EventRounds "9"]
[EventCountry "ESP"]
[SourceTitle "EXT 2004"]
[Source "ChessBase"]
[SourceDate "2003.11.25"]
[SourceVersion "1"]
[SourceVersionDate "2003.11.25"]
[SourceQuality "1"]

1. Nc3 g6 2. e4 Bg7 3. d4 c6 4. f4 d5 5. e5 Nh6 6. Nf3 Bg4 7. Be3 Nf5 8. Bf2 e6 9. g3 Qb6 10. Rb1 Bxf3 11. Qxf3 Nxd4 12. Qd3 c5 13. b4 Nbc6 14. bxc5 Qxc5 15. Rb5 Qc4 16. Qxc4 dxc4 17. Rxb7 Nxc2+ 18. Kd2 0-0-0+ 19. Kxc2 Kxb7 20. Bg2 Rc8 21. Nb5 Ka6 22. Rb1 Rhd8 23. Nxa7 Nxa7 24. Bb7+ Ka5 25. Bb6+ Ka4 26. Bxc8 Nxc8 27. Bxd8 Na7 28. Rb7 Nc6 29. Rxf7 Bh6 30. Rxh7 Bf8 31. Bf6 Bb4 32. Rc7 Nd4+ 33. Kd1 c3 34. Rc4 Nf5 35. Ke2 Kb5 36. Rc8 c2 37. Rxc2 Nd4+ 38. Kd3 Nxc2 39. Kxc2 Bc5 40. Kd3 Bf2 41. Ke4 Kc6 42. g4 Kd7 43. h4 Ke8 44. h5 gxh5 45. gxh5 Kf7 46. f5 Be1 47. h6 exf5+ 48. Kxf5 Kg8 49. Kg6 1-0